| 000 | 00534nam a22001817a 4500 | ||
|---|---|---|---|
| 003 | OSt | ||
| 005 | 20140310181949.0 | ||
| 008 | 130725t xxu||||| |||| 00| 0 eng d | ||
| 020 | _a9789718171400 | ||
| 050 |
_aLB 2395 _b.C112 2008 |
||
| 245 |
_aImproving study, thinking, reading and writing skills for college freshmen. / _cLucila del Mundo Cabrera. |
||
| 260 |
_aManila : _bBooklore Publishing, _c2008. |
||
| 300 |
_axvii, 268 p. ; _c26 cm. |
||
| 521 | _aFaculty | ||
| 541 | _j1 | ||
| 562 | _e1 | ||
| 942 |
_2lcc _cBK-TR _kTR |
||
| 999 |
_c7824 _d7824 |
||